| 000 | 01626nam a2200337 a 4500 | ||
|---|---|---|---|
| 001 | 20022 | ||
| 003 | BD-RjUL | ||
| 005 | 20211209000518.0 | ||
| 008 | 140226s1930 enkh 000 0 eng | ||
| 035 | _a(BD-RjUL)20083 | ||
| 040 |
_aDLC _cHDC _dBD-RjUL _beng |
||
| 041 | _aeng | ||
| 082 | 0 | 0 |
_a239.9 _bMOA 1930 |
| 100 | 1 |
_aMore, Thomas, _d1478-1535. _961581 |
|
| 245 | 1 | 4 |
_aThe apologye of Syr Thomas More, Knyght / _cedited, with introduction and notes, by Arthur Irving Taft. |
| 260 |
_aLondon : _bPublished for the Early English Text Society by H. Milford, Oxford University Press, _c1930. |
||
| 300 |
_a3 p. l., [v]-lxxxvi, 365 p. : _bfront., facsim ; _c22 cm. |
||
| 490 | 1 |
_aOriginal series / Early English Text Society ; _vno. 180 |
|
| 500 | _aWith reproduction of original t.-p. | ||
| 500 | _a"The present edition ... reproduces, with slight modifications ... the text of the first edition ... printed by William Rastell in 1533."--p. [v] | ||
| 500 | _aAn answer to criticism on his controversial works in defence of the Catholic church. | ||
| 500 | _aIncludes "A treatise concernynge the diuision betwene the spiritualtie and temporaltie" (p. 203-253), ascribed to Saint German, which More attacks in his Apologye. | ||
| 500 | _a"Key to editions cited": p. [347]-358 | ||
| 500 | _aThis edition was originally presented as the editor's doctoral dissertation, Yale University. cf. Pref. | ||
| 610 | 2 | 0 |
_aCatholic Church. _961587 |
| 830 | 0 |
_vno. 180 _961588 |
|
| 700 | 1 |
_aTaft, Arthur Irving. _961584 |
|
| 830 | 0 |
_aEarly English Text Society (Series). _961589 |
|
| 942 |
_2ddc _cBK |
||
| 999 |
_c20022 _d20022 |
||